000 00891nam a2200301Ia 4500
001 Para_7254
003 CHAP
008 220125s1939 xx 000 0 und d
010 _a206140
040 _cCHAP
082 _aPA-C 631.81 B85
100 _aMorgan, M. F.
_9172331
245 _aSoil testing methods the universal soil testing system /
_c by M. F. Morgan
260 _aNew Gaven :
_b Agricultural Experiment Station
300 _a16 p.
440 _aCircular ; 127
_9172338
500 _aEnc. con impresos similares
650 _aFertilizantes
_x colecciones de escritos
_9172309
650 _aSuelos
_x conservación
_9110283
650 _aSuelos
_x fertilidad
_9110367
901 _aPA-C 631.81 B85
902 _aA
905 _a0000001939 0000000000 00
910 _a1939
942 _cPARA
942 _cPARA
_d1
999 _c206140
_d206140